[Event "Ruy Lopes"]
[Site "http://www.queenalice.com/game.php?id=1063178"]
[Date "2012.5.23"]
[Round "-"]
[White "DenianCXI"]
[Black "mad_knight"]
[Result "1-0"]
[WhiteElo "1902"]
[BlackElo "1953"]

1. e4 c5 2. Nf3 d6 3. Nc3 Nf6 4. d4 cxd4 5. Nxd4 e6 6. Bg5 Be7 7. Qd3 O-O 8.
O-O-O e5 9. Ndb5 a6 10. Nxd6 Be6 11. Bxf6 Bxf6 12. Nxb7 Nc6 13. Qxd8 Nxd8 14.
Nxd8 Bxd8 15. Be2 Bg5+ 16. Kb1 Rad8 17. Rxd8 Rxd8 18. Rd1 Rxd1+ 19. Bxd1 1-0

[Event "AUTO-ADV-2512"]
[Site "http://www.queenalice.com/game.php?id=1063231"]
[Date "2012.5.23"]
[Round "1"]
[White "mad_knight"]
[Black "THECRAZY"]
[Result "0-1"]
[WhiteElo "1860"]
[BlackElo "1707"]

1. e4 c5 2. Nf3 d6 3. Bb5+ Bd7 4. Bxd7+ Nxd7 5. O-O Ngf6 6. Nc3 e6 7. d4 cxd4 8.
Qxd4 e5 9. Qd3 Nc5 10. Qb5+ Qd7 11. Qe2 Qc6 12. Rd1 Ncxe4 13. Nd5 Nc5 14. Nxf6+
gxf6 15. Nh4 Rg8 16. Be3 Ne6 17. Nf5 Qxg2# 0-1

[Event "AUTO-ADV-2512"]
[Site "http://www.queenalice.com/game.php?id=1063232"]
[Date "2012.5.23"]
[Round "1"]
[White "THECRAZY"]
[Black "mad_knight"]
[Result "1-0"]
[WhiteElo "1748"]
[BlackElo "1684"]

1. d4 d5 2. c4 e6 3. cxd5 exd5 4. Nc3 c6 5. Bf4 Bb4 6. e3 Nf6 7. a3 Bd6 8. Bg5
O-O 9. Bd3 Nbd7 10. Nf3 h6 11. Bh4 Re8 12. O-O Qb6 13. b4 Ne4 14. Bxe4 dxe4 15.
Nd2 g5 16. Bg3 Bxg3 17. fxg3 Nf6 18. Rxf6 Re6 19. Rxe6 1-0

[Event "AUTO-ADV-2512"]
[Site "http://www.queenalice.com/game.php?id=1063233"]
[Date "2012.5.23"]
[Round "1"]
[White "mad_knight"]
[Black "miltonloviski"]
[Result "0-1"]
[WhiteElo "1698"]
[BlackElo "1918"]

1. e4 e5 2. Nf3 Qf6 3. d4 exd4 4. Nxd4 Bc5 5. Be3 Nc6 6. Nb5 Bxe3 7. fxe3 Kd8 8.
c3 a6 9. Nd4 Nge7 10. Nd2 d6 11. N2f3 Bg4 12. Be2 Ne5 13. O-O Nxf3+ 14. Bxf3
Bxf3 15. Rxf3 Qg6 16. Qc2 c5 17. Nf5 Nxf5 18. exf5 Qf6 19. Rd1 Kc7 20. Rd5 Rhe8
21. e4 Re5 22. Rxe5 Qxe5 23. Rd3 Qxe4 24. Qd2 Rd8 25. Rf3 Re8 0-1

[Event "AUTO-ADV-2512"]
[Site "http://www.queenalice.com/game.php?id=1063234"]
[Date "2012.5.23"]
[Round "1"]
[White "miltonloviski"]
[Black "mad_knight"]
[Result "1-0"]
[WhiteElo "1925"]
[BlackElo "1691"]

1. e4 c5 2. a3 d6 3. Qf3 Nf6 4. Bc4 Bg4 5. Qb3 Be6 6. Qxb7 Nbd7 7. Bxe6 fxe6 8.
f3 d5 9. exd5 exd5 10. Qb3 Rb8 11. Qa4 g6 12. Qxa7 Bg7 13. d3 O-O 14. Qa4 Nb6
15. Qh4 e5 16. Nc3 e4 17. dxe4 Re8 18. Bg5 dxe4 19. Nge2 exf3 20. gxf3 Nbd5 21.
Nxd5 Qxd5 22. Kf2 Nd7 23. Rad1 Qe6 24. Nf4 Qf5 25. Nd3 Bxb2 26. Qc4+ 1-0

[Event "AUTO-ADV-2512"]
[Site "http://www.queenalice.com/game.php?id=1063235"]
[Date "2012.5.23"]
[Round "1"]
[White "mad_knight"]
[Black "Herivelto"]
[Result "0-1"]
[WhiteElo "1671"]
[BlackElo "1907"]

1. e4 c5 2. Nf3 d6 3. Bb5+ Bd7 4. Bxd7+ Nxd7 5. O-O Ngf6 6. Qe2 g6 7. e5 dxe5 8.
d3 Qc7 9. Bg5 Bg7 10. Re1 Nh5 11. Nbd2 b5 12. d4 cxd4 13. Nb3 Qc6 14. Nfxd4 Qb7
15. Na5 Qd5 16. Ndb3 f6 17. Rad1 Qxd1 18. Qxd1 fxg5 19. Nc6 Nf4 20. g3 Ne6 21.
Qg4 Ndc5 22. Nxc5 Nxc5 23. Qxg5 Bf6 24. Qh6 Kf7 25. Nb4 Rad8 26. Qe3 Ne6 0-1

[Event "AUTO-ADV-2512"]
[Site "http://www.queenalice.com/game.php?id=1063236"]
[Date "2012.5.23"]
[Round "1"]
[White "Herivelto"]
[Black "mad_knight"]
[Result "1-0"]
[WhiteElo "1877"]
[BlackElo "1905"]

1. Nf3 c5 2. c4 Nf6 3. g3 b6 4. Bg2 Bb7 5. O-O g6 6. d3 Bg7 7. Bg5 O-O 8. e4 Nc6
9. Nc3 d6 10. Re1 Ne5 11. Nxe5 dxe5 12. Nd5 Nxd5 13. exd5 Qc7 14. Qd2 f5 15. Bh6
Bxh6 16. Qxh6 Bc8 17. d6 Qxd6 18. Bxa8 1-0

[Event "AUTO-MASTER-1659"]
[Site "http://www.queenalice.com/game.php?id=1063459"]
[Date "2012.5.24"]
[Round "1"]
[White "CapitanFerrini"]
[Black "mad_knight"]
[Result "1-0"]
[WhiteElo "2163"]
[BlackElo "1961"]

1. e4 e6 2. d4 d5 3. Nc3 c5 4. exd5 exd5 5. Nf3 Nf6 6. Bb5+ Bd7 7. O-O Bxb5 8.
Nxb5 Qa5 9. Re1+ Ne4 10. c4 dxc4 11. Rxe4+ Be7 12. Nd6+ Kf8 13. Nxc4 Qc7 14. Qb3
Nd7 15. Bf4 1-0

[Event "AUTO-MASTER-1659"]
[Site "http://www.queenalice.com/game.php?id=1063460"]
[Date "2012.5.24"]
[Round "1"]
[White "mad_knight"]
[Black "CapitanFerrini"]
[Result "0-1"]
[WhiteElo "1969"]
[BlackElo "2159"]

1. e4 c5 2. Nf3 e6 3. d4 cxd4 4. Nxd4 Nc6 5. Nb5 d6 6. c4 Nf6 7. N1c3 a6 8. Nd4
Be7 9. Bg5 Bd7 10. Be2 Qa5 11. O-O Qxg5 12. f4 Qc5 0-1

[Event "AUTO-MASTER-1659"]
[Site "http://www.queenalice.com/game.php?id=1063477"]
[Date "2012.5.24"]
[Round "1"]
[White "mad_knight"]
[Black "BRANDAO"]
[Result "0-1"]
[WhiteElo "1715"]
[BlackElo "1896"]

1. e4 c5 2. Nf3 d6 3. d4 cxd4 4. Qxd4 Nc6 5. Bb5 Bd7 6. Bxc6 Bxc6 7. Nc3 Nf6 8.
Bg5 Qa5 9. O-O-O e5 10. Qd3 O-O-O 11. Nd5 Bxd5 12. exd5 Rd7 13. Qc4+ Rc7 14. Bd2
Qxd2+ 15. Nxd2 Rxc4 16. Nxc4 b5 17. Na5 g6 18. Nc6 Bh6+ 19. Kb1 Kb7 20. Rhe1 Ng4
21. f3 Ne3 22. Re2 Nxd1 0-1

[Event "AUTO-MASTER-1659"]
[Site "http://www.queenalice.com/game.php?id=1063478"]
[Date "2012.5.24"]
[Round "1"]
[White "BRANDAO"]
[Black "mad_knight"]
[Result "1-0"]
[WhiteElo "1905"]
[BlackElo "1706"]

1. d4 d5 2. c4 e6 3. cxd5 exd5 4. Nc3 c6 5. Bf4 Nf6 6. Nf3 Bb4 7. a3 Bd6 8. Qd2
Ne4 9. Nxe4 dxe4 10. Bxd6 Qxd6 11. Ne5 O-O 12. g3 Bf5 13. e3 Nd7 14. Nxd7 Bxd7
15. Bc4 Be6 16. Be2 Qd5 17. Rc1 Bh3 18. Qb4 Qd7 19. f4 exf3 20. Bxf3 Bg4 21.
Bxg4 Qxg4 22. O-O 1-0

[Event "AUTO-MASTER-1659"]
[Site "http://www.queenalice.com/game.php?id=1063479"]
[Date "2012.5.24"]
[Round "1"]
[White "mad_knight"]
[Black "Alexandrovinsk"]
[Result "0-1"]
[WhiteElo "1868"]
[BlackElo "2061"]

1. e4 c5 2. Nf3 Nf6 3. Nc3 d6 4. d4 cxd4 5. Nxd4 Nc6 6. Be2 g6 7. O-O Bg7 8. Bc4
O-O 9. Bf4 Nxd4 10. Qxd4 Nh5 11. Qd2 Nxf4 12. Qxf4 Bxc3 13. bxc3 Qc7 14. Bb3
Qxc3 15. Qh6 Be6 16. Bxe6 fxe6 17. Rab1 b6 18. Qc1 Rac8 19. Rb2 Rc4 20. Re1 Rfc8
21. Re2 Rd4 22. Re3 Qxb2 0-1

[Event "AUTO-MASTER-1659"]
[Site "http://www.queenalice.com/game.php?id=1063480"]
[Date "2012.5.24"]
[Round "1"]
[White "Alexandrovinsk"]
[Black "mad_knight"]
[Result "1-0"]
[WhiteElo "2052"]
[BlackElo "1877"]

1. e4 c5 2. Nf3 e6 3. d3 Nc6 4. g3 d5 5. Nc3 d4 6. Ne2 e5 7. Bg2 Nf6 8. O-O Be7
9. h3 O-O 10. Rb1 Be6 11. Nh2 c4 12. f4 c3 13. bxc3 Bxa2 14. Rxb7 Bd5 15. exd5
Na5 16. Rb5 Nxd5 17. Rxd5 Qc7 18. Rxe5 Nc6 19. Bxc6 Qxc6 20. Rxe7 1-0